000 00905nam a22002177a 4500
005 20100325133726.0
008 100325t xxu||||| |||| 00| 0 hin d
010 _aHIN-89181
020 _a8181150473
_c250.00
035 _aHN-61527
037 _bDBAD/PUB
040 _aDPL
_bHN
082 _a306.7
100 _aपटेल, गौतम
_916591
245 _aकाम पथ /
_cगौतम पटेल
260 _aनई दिल्ली
_bइण्डियन बुक बैक
_c2009
270 _aआई-2/16, मेन अंसारी रोड, दरियागंज
_bनई दिल्ली
_e110002
_k30188889
300 _a170पृ.
_c22सेमी (सजिल्द)
942 _2ddc
_cHN
_mपटेल
999 _c34857
_d34857